[Event "Titled Tuesday intern op 14th May Late"]
[Site "Chess.com INT"]
[Date "2024.05.14"]
[Round "5"]
[White "Asish, Panda"]
[Black "Rajendra, Avinash S"]
[Result "0-1"]
[WhiteElo "1882"]
[BlackElo "2035"]
[PlyCount "88"]
[EventDate "2024.05.14"]
[EventType "swiss (blitz)"]
[EventRounds "11"]
[EventCountry "USA"]
[SourceTitle "CBM 220 Extra"]
[Source "ChessBase"]
[SourceDate "2024.07.31"]
[SourceVersion "1"]
[SourceVersionDate "2024.07.31"]
[SourceQuality "1"]

1. e4 e6 2. Nf3 d5 3. Nc3 dxe4 4. Nxe4 Nd7 5. d4 Ngf6 6. Ng3 Be7 7. Bd3 b6 8. 0-0 Bb7 9. Re1 c5 10. c3 cxd4 11. cxd4 Rc8 12. Bf4 Nd5 13. Bd2 N7f6 14. Ne5 0-0 15. a3 a6 16. Nh5 b5 17. Nxf6+ Nxf6 18. Bc3 Qd5 19. f3 Rfd8 20. Qe2 Qd6 21. Rad1 Nd5 22. Bd2 Qb6 23. Qf2 Bf6 24. f4 a5 25. Kh1 Ba6 26. Be4 b4 27. axb4 Nxb4 28. Be3 Nd5 29. Bc1 Bb7 30. g4 Nb4 31. Bxb7 Qxb7+ 32. Qg2 Qxg2+ 33. Kxg2 Rc2+ 34. Kg3 Na2 35. Bd2 Rxb2 36. Bxa5 Rd5 37. Nc4 Rb3+ 38. Kg2 g6 39. g5 Bxd4 40. Re2 Nc3 41. Red2 Nxd1 42. Rxd1 Rbb5 43. Be1 Rbc5 44. Ra1 Rxc4 0-1

[Event "Titled Tuesday intern op 14th May Late"]
[Site "Chess.com INT"]
[Date "2024.05.14"]
[Round "3"]
[White "Gabdushev, Ruslan"]
[Black "Rajendra, Avinash S"]
[Result "0-1"]
[WhiteElo "2256"]
[BlackElo "2035"]
[PlyCount "128"]
[EventDate "2024.05.14"]
[EventType "swiss (blitz)"]
[EventRounds "11"]
[EventCountry "USA"]
[SourceTitle "CBM 220 Extra"]
[Source "ChessBase"]
[SourceDate "2024.07.31"]
[SourceVersion "1"]
[SourceVersionDate "2024.07.31"]
[SourceQuality "1"]

1. e4 e6 2. d4 d5 3. exd5 exd5 4. c4 Nf6 5. Nc3 Bd6 6. Nf3 0-0 7. Be2 Bg4 8. 0-0 c6 9. h3 Bh5 10. Bg5 dxc4 11. Bxc4 Nbd7 12. Qd3 Bg6 13. Qd2 Qa5 14. Rfe1 h6 15. Bf4 Bxf4 16. Qxf4 Nb6 17. Bb3 Nbd5 18. Nxd5 Nxd5 19. Qg4 Rae8 20. Ne5 Bh7 21. Kh2 Re7 22. Re2 Rfe8 23. Rae1 f6 24. Nc4 Qxe1 25. Rxe1 Rxe1 26. Nd6 Rf8 27. Nxb7 f5 28. Qf3 Re4 29. Nc5 Re7 30. Bxd5+ cxd5 31. Qxd5+ Kh8 32. b4 f4 33. a4 f3 34. gxf3 Bg8 35. Qd6 Ref7 36. Ne6 Re8 37. d5 Rxf3 38. Kg2 Rf6 39. Qd7 Rg6+ 40. Kf1 Rexe6 41. dxe6 Bxe6 42. Qe8+ Kh7 43. b5 Bxh3+ 44. Ke2 Re6+ 45. Qxe6 Bxe6 46. Kd3 h5 47. a5 Bd5 48. Kd4 Bf3 49. Ke3 Bd5 50. Kd4 Bf3 51. Ke3 Bb7 52. Kf4 Kh6 53. b6 axb6 54. axb6 g5+ 55. Kg3 h4+ 56. Kg4 Bc8+ 57. Kf3 Kh5 58. Kg2 g4 59. Kh2 Bb7 60. Kg1 h3 61. Kh2 Kh4 62. Kg1 g3 63. fxg3+ Kxg3 64. Kf1 h2 0-1

[Event "Titled Tuesday intern op 14th May Late"]
[Site "Chess.com INT"]
[Date "2024.05.14"]
[Round "8"]
[White "Rajendra, Avinash S"]
[Black "Jeet, Jain"]
[Result "0-1"]
[WhiteElo "2035"]
[BlackElo "2333"]
[PlyCount "182"]
[EventDate "2024.05.14"]
[EventType "swiss (blitz)"]
[EventRounds "11"]
[EventCountry "USA"]
[SourceTitle "CBM 220 Extra"]
[Source "ChessBase"]
[SourceDate "2024.07.31"]
[SourceVersion "1"]
[SourceVersionDate "2024.07.31"]
[SourceQuality "1"]

1. Nf3 c5 2. g3 Nc6 3. Bg2 e5 4. d3 d6 5. 0-0 g6 6. c4 Bg7 7. Nc3 Nge7 8. a3 a5 9. Ne1 0-0 10. Nc2 f5 11. Ne3 g5 12. Ned5 f4 13. Bd2 h5 14. Na4 Nxd5 15. Bxd5+ Kh8 16. Qb3 Nd4 17. Qd1 Bh3 18. Re1 g4 19. Bc3 h4 20. Bxd4 cxd4 21. Bxb7 fxg3 22. fxg3 Qf6 23. Rf1 Bxf1 24. Qxf1 Rab8 25. Qxf6 Rxf6 26. Bd5 Bh6 27. Rf1 Rxf1+ 28. Kxf1 Rf8+ 29. Ke1 h3 30. b4 axb4 31. axb4 Be3 32. b5 Bg1 33. b6 Bxh2 34. b7 Bxg3+ 35. Kd2 Bf2 36. Nb6 g3 37. Nc8 g2 38. b8Q g1Q 39. Qxd6 Qg5+ 40. Kc2 Rxc8 41. Qd7 Rf8 42. Qxh3+ Kg7 43. c5 Be3 44. Qd7+ Kh6 45. c6 Qd8 46. Qe6+ Rf6 47. Qh3+ Kg7 48. Be4 Bh6 49. Qg4+ Kf8 50. Qh5 Qc7 51. Qg4 Rxc6+ 52. Bxc6 Qxc6+ 53. Kb3 Qd5+ 54. Ka3 Qd6+ 55. Ka2 Ke7 56. Qh4+ Qf6 57. Qe4 Qe6+ 58. Kb1 Bg7 59. Qh7 Qb6+ 60. Kc2 Qf6 61. Qe4 Kf7 62. Qb7+ Qe7 63. Qd5+ Qe6 64. Qb7+ Kf6 65. Qf3+ Qf5 66. Qc6+ Qe6 67. Qf3+ Ke7 68. Qb7+ Qd7 69. Qb4+ Ke6 70. Qb6+ Qd6 71. Qa7 Bf6 72. Qh7 Qc6+ 73. Kd1 Qa4+ 74. Ke1 Qa1+ 75. Kf2 Qa6 76. Qg8+ Kd6 77. Qb8+ Kc5 78. Qf8+ Qd6 79. Qc8+ Qc6 80. Qf8+ Kd5 81. Qg8+ Kd6 82. Qf8+ Ke6 83. Qg8+ Kd7 84. Qh7+ Be7 85. Qg8 Qf6+ 86. Ke1 Qe6 87. Qg3 Bb4+ 88. Kd1 Qb3+ 89. Kc1 Ba3+ 90. Kd2 Qc3+ 91. Kd1 Qc1# 0-1

[Event "Titled Tuesday intern op 14th May Late"]
[Site "Chess.com INT"]
[Date "2024.05.14"]
[Round "1"]
[White "Rajendra, Avinash S"]
[Black "Koval, Artem"]
[Result "0-1"]
[WhiteElo "2035"]
[BlackElo "2196"]
[PlyCount "52"]
[EventDate "2024.05.14"]
[EventType "swiss (blitz)"]
[EventRounds "11"]
[EventCountry "USA"]
[SourceTitle "CBM 220 Extra"]
[Source "ChessBase"]
[SourceDate "2024.07.31"]
[SourceVersion "1"]
[SourceVersionDate "2024.07.31"]
[SourceQuality "1"]

1. Nf3 d5 2. b3 Nf6 3. g3 Bf5 4. Bb2 e6 5. d3 Be7 6. Bg2 0-0 7. 0-0 h6 8. c4 c6 9. Nbd2 a5 10. cxd5 exd5 11. Re1 Bh7 12. e4 Na6 13. e5 Nd7 14. Nd4 Ndc5 15. e6 Nxd3 16. exf7+ Rxf7 17. Ne6 Qd7 18. Bc3 Nxe1 19. Qxe1 Re8 20. Nd4 Bf6 21. Qf1 Nb4 22. Re1 Rxe1 23. Qxe1 Re7 24. Qd1 c5 25. Ne2 Bc2 26. Qe1 Bxc3 0-1

[Event "Titled Tuesday intern op 14th May Late"]
[Site "Chess.com INT"]
[Date "2024.05.14"]
[Round "4"]
[White "Rajendra, Avinash S"]
[Black "Luong, Phuong Hanh"]
[Result "1-0"]
[WhiteElo "2035"]
[BlackElo "2094"]
[PlyCount "67"]
[EventDate "2024.05.14"]
[EventType "swiss (blitz)"]
[EventRounds "11"]
[EventCountry "USA"]
[SourceTitle "CBM 220 Extra"]
[Source "ChessBase"]
[SourceDate "2024.07.31"]
[SourceVersion "1"]
[SourceVersionDate "2024.07.31"]
[SourceQuality "1"]

1. Nf3 Nf6 2. g3 g6 3. Bg2 Bg7 4. 0-0 0-0 5. c4 d5 6. cxd5 Nxd5 7. Nc3 Nb6 8. b3 Nc6 9. Bb2 Bf5 10. d3 Qd7 11. Re1 e5 12. Rc1 Rac8 13. Nd2 Nd4 14. e3 Nc6 15. Nde4 Qe7 16. Nb5 Rfd8 17. Ba3 Nb4 18. Nc5 a5 19. Nxb7 Rxd3 20. Qe2 c6 21. e4 Qxb7 22. exf5 cxb5 23. Bxb7 Rcd8 24. Bxb4 axb4 25. Red1 e4 26. Bxe4 Rxd1+ 27. Rxd1 Re8 28. fxg6 hxg6 29. Qxb5 Re6 30. Bd5 Rf6 31. Rc1 Bh6 32. Rc6 Nxd5 33. Qxd5 Rf5 34. Qd8+ 1-0